Stavebno-technologický projekt: Kopčianska – JUH, Polyfunkčná obytná zóna, Sektor A

Enregistré dans:
Détails bibliographiques
Auteur principal: Pekarik, Filip (Auteur)
Autres auteurs: Paulovičová, Lucia (Directeur de thèse)
Format: Manuscrit Livre
Langue:slovaque
Publié: 2025
Sujets:
Accès en ligne:http://is.stuba.sk/zp/portal_zp.pl?podrobnosti=183096
CRZP
Tags: Ajouter un tag
Pas de tags, Soyez le premier à ajouter un tag!

MARC

LEADER 00000ntm a22000003a 4500
001 stuzp104784
003 SK-STU
005 20250730145336.8
007 ta
008 150427s2015----xo-----f-mn---000-0-slo-d
040 |a STU  |b slo 
041 0 |a slo 
100 1 |a Pekarik, Filip  |u 010270  |4 aut  |U SvF Stavebná fakulta  |T SvF Katedra technológie stavieb  |X 112124  |U V270  |Y 28  |7 112124 
242 0 1 |a Construction Technology Project: Kopčianska - SOUTH, Polyfunctional residential zone, Sector A  |y eng 
245 1 0 |a Stavebno-technologický projekt: Kopčianska – JUH, Polyfunkčná obytná zóna, Sektor A 
260 |c 2025 
650 4 |a concrete vibro-columns  |2 eng 
650 4 |a deep vibratory compaction  |2 eng 
650 4 |a construction schedule  |2 eng 
650 4 |a Site installation  |2 eng 
650 4 |a hĺbkové vibračné zhutnenie  |2 slo 
650 4 |a Zariadenie staveniska  |2 slo 
650 4 |a betónové vibrostĺpy  |2 slo 
650 4 |a časový harmonogram  |2 slo 
700 1 |a Paulovičová, Lucia  |u 010270  |k Z8  |4 ths  |U SvF Stavebná fakulta  |T SvF Katedra technológie stavieb  |X 52129  |U V270  |Y 28  |7 A000052129 
856 4 |u http://is.stuba.sk/zp/portal_zp.pl?podrobnosti=183096 
856 4 |u https://opac.crzp.sk/?fn=detailBiblioForm&sid=226A7A544DA3649F6C593EE9F6D0  |z CRZP